Statystyki dla Kraje UE o najniższej liczbie pielęgniarek na 1000 mieszkańców

Kliknij tutaj aby rozwiązać quiz!

Ogólne statystyki

  • Ten quiz został rozwiązany 36 razy
  • Średni wynik to 7 z 10

Statystyki odpowiedzi

Liczba pielęgniarek na 1000 mieszkańcówPaństwo% Poprawnych
5,1Polska
94%
5,9Hiszpania
81%
5,7Słowacja
78%
6,6Węgry
75%
5,7Włochy
72%
6,3Estonia
66%
4,4Łotwa
66%
4,4Bułgaria
63%
3,4Grecja
63%
5,4Cypr
28%

Rozkład punktacji

Percentyl według liczby udzielonych odpowiedzi

Procent ludzi z każdym wynikiem

Twoja historia wyników

Nie rozwiązałeś tego quizu